Statistiche per Top 15 dei paesi con decessi Covid-19 - 6 feb 2021

Clicka qui per fare il quiz!

Statistiche generali

  • Questo quiz è stato fatto 5 volte
  • Il punteggio medio è 14 su 24

Statistiche sulle risposte

paese% Corretto
Francia
100%
Germania
100%
India
100%
Italia
100%
Messico
100%
Regno Unito
100%
Russia
100%
Spagna
100%
Stati Uniti
100%
Argentina
80%
Belgio
80%
Brasile
80%
Portogallo
80%
Perù
60%
Colombia
40%
Bulgaria
20%
Cechia
20%
Iran
20%
Sudafrica
20%
Ungheria
20%
Bosnia ed
Erzegovina
0%
Croazia
0%
Macedonia del Nord
0%
Slovenia
0%

Distribuzione punteggi

Percentile per numero di risposta

Percentuale di utenti per punteggio

I tuoi punteggi nel tempo

Non hai fatto questo quiz